Statystyki dla 47 Leków Ratownika medycznego (Po Polsku)

Kliknij tutaj aby rozwiązać quiz!

Ogólne statystyki

  • Ten quiz został rozwiązany 68 razy
  • Średni wynik to 13 z 47

Statystyki odpowiedzi

Odpowiedź% Poprawnych
Morfina
90%
Adrenalina
80%
Fentanyl
65%
Paracetamol
65%
Ibuprofen
60%
Atropina
55%
Furosemid
35%
Glukoza 20%
35%
Glukoza 5%
35%
Ketoprofen
35%
Nitrogliceryna
35%
Diazepam
30%
Klonazepam
30%
Metamizol
30%
Metoprolol
25%
Midazolam
25%
Salbutamol
25%
Tlen Medyczny
25%
Urapidyl
25%
Adenozyna
20%
Amidaron
20%
Budezonit
20%
Captoprill
20%
Chlorek Sodu
20%
Dexaven
20%
Flumazenil
20%
Glukagon
20%
Heparyna
20%
Lignokaina
20%
Metoclopramid
20%
Naloxon
20%
Wodorowęglan sodu
20%
Clemastin
15%
Drotaweryna
15%
Hydrokortyzol
15%
Hydroksyzyna
15%
Izosorbid
15%
Klopidogrel
15%
.Kwas Acetylosalicynowy
15%
Papaweryna
15%
Płyn Fizjologiczny
15%
Płyn Ringera
15%
Siarczan Magnezu
15%
Tietylperazyna
15%
Mannitol 15%
10%
Płyny koloidowe
10%
Ticagrelor
10%

Rozkład punktacji

Percentyl według liczby udzielonych odpowiedzi

Procent ludzi z każdym wynikiem

Twoja historia wyników

Nie rozwiązałeś tego quizu